Central Library OPAC University of Rajshahi

Fundamentals of statistical and thermal physics / (Record no. 8643)

MARC details
000 -LEADER
fixed length control field 00835nam a2200265 a 4500
001 - CONTROL NUMBER
control field 8643
003 - CONTROL NUMBER IDENTIFIER
rucl marc code BD-RjUL
005 - DATE AND TIME OF LATEST TRANSACTION
control field 20211208234626.0
008 - FIXED-LENGTH DATA ELEMENTS--GENERAL INFORMATION
fixed length control field 140119s1965 enka b 001 0 eng d
020 ## - INTERNATIONAL STANDARD BOOK NUMBER
International Standard Book Number 070518009 :
035 ## - SYSTEM CONTROL NUMBER
System control number (BD-RjUL)8688
040 ## - CATALOGING SOURCE
Original cataloging agency DLC
Transcribing agency DLC
Modifying agency m.c
-- BD-RjUL
Language of cataloging eng
041 ## - LANGUAGE CODE
Language code of text/sound track or separate title eng
082 00 - DEWEY DECIMAL CLASSIFICATION NUMBER
Classification number 536.7
Author mark and year REF 1965
Edition number 23
100 1# - MAIN ENTRY--PERSONAL NAME
Personal name Reif, F.
Fuller form of name (Frederick),
Dates associated with a name 1927-
9 (RLIN) 26926
245 10 - TITLE STATEMENT
Title Fundamentals of statistical and thermal physics /
Statement of responsibility, etc. by F. Reif
260 ## - PUBLICATION, DISTRIBUTION, ETC. (IMPRINT)
Place of publication, distribution, etc. London :
Name of publisher, distributor, etc. McGraw-Hill,
Date of publication, distribution, etc. 1965.
300 ## - PHYSICAL DESCRIPTION
Pagination x, 651 p. :
Illustrations ill. ;
Size 23 cm.
490 ## - SERIES STATEMENT
Series statement McGraw-Hill series in fundamentals of physics
504 ## - BIBLIOGRAPHY, ETC. NOTE
Bibliography, etc Includes bibliography and index.
650 ## - SUBJECT ADDED ENTRY--TOPICAL TERM
Topical term or geographic name as entry element Statistical thermodynamics
9 (RLIN) 212710
830 #0 - SERIES ADDED ENTRY--UNIFORM TITLE
Uniform title McGraw-Hill series in fundamentals of physics
942 ## - ADDED ENTRY ELEMENTS (KOHA)
Source of classification or shelving scheme Dewey Decimal Classification
Koha item type Books
Holdings
Lost status Source of classification or shelving scheme Damaged status Not for loan Collection code Permanent Location Current Location Shelving location Date acquired Source of acquisition Total Checkouts Full call number Date last seen Copy number Koha item type Cost, normal purchase price
  Dewey Decimal Classification     Non-fiction Central Library, University of Rajshahi Central Library, University of Rajshahi   27/12/1973 U.S govt gift   536.7 REF 1965 19/01/2014 C-4 Books  
  Dewey Decimal Classification     Non-fiction Central Library, University of Rajshahi Central Library, University of Rajshahi   27/12/1973 U.S govt gift   536.7 REF 1965 19/01/2014 C-5 Books  
  Dewey Decimal Classification     Non-fiction Central Library, University of Rajshahi Central Library, University of Rajshahi   27/12/1973 U.S. Govt.   536.7 REF 1965 21/01/2014 C-6 Books  
  Dewey Decimal Classification     Non-fiction Central Library, University of Rajshahi Central Library, University of Rajshahi   27/12/1973 U.S. Govt.   536.7 REF 1965 30/10/2016 C-7 Books  
  Dewey Decimal Classification   Not For Loan Non-fiction Central Library, University of Rajshahi Central Library, University of Rajshahi Reading Room 08/12/2021 U.S. Govt.   536.7 REF 1965 08/05/2017 C-1 Books  
  Dewey Decimal Classification     Non-fiction Central Library, University of Rajshahi Central Library, University of Rajshahi   08/12/2021 U.S. Govt.   536.7 REF 1965 08/05/2017 C-2 Books  
  Dewey Decimal Classification     Non-fiction Central Library, University of Rajshahi Central Library, University of Rajshahi   09/12/1974 Jonathan Wren & Co.   536.7 REF 1965 08/05/2017 C-8 Books 7.45
  Dewey Decimal Classification     Non-fiction Central Library, University of Rajshahi Central Library, University of Rajshahi   09/12/1974 Jonathan Wren & Co.   536.7 REF 1965 08/05/2017 C-9 Books 7.45
  Dewey Decimal Classification     Non-fiction Central Library, University of Rajshahi Central Library, University of Rajshahi   09/12/1974 Jonathan Wren & Co.   536.7 REF 1965 08/05/2017 C-10 Books 7.45
  Dewey Decimal Classification     Non-fiction Central Library, University of Rajshahi Central Library, University of Rajshahi   27/12/1973 U.S.Govt.   536.7 REF 1965 08/05/2017 C-3 Books